00411nam a2200169Ia 4500008004100000020001800041041000800059082001500067100001400082245002500096250001100121260005100132300001100183500001800194650001500212700001400227260520s2025 xx 000 0 und d a9789353162184 aeng a658.15/KHA aKhan, M Y aFinancial Management a8th ed aNEW DELHIbMcGRAW-HILL EDUCATION PVT LTDc2025 aI-10p. aCat No: 15073 aMANAGEMENT aJain, P K